000 00348nam a22001697a 4500
003 SGT
020 _a9789356961630
082 _a611
_bC24K
100 _aKUMAR, AJAY
245 _aCLINICAL ANATOMY
250 _a1ST
260 _aNEW DELHI
_bC24K
_c2024
300 _a231
650 _aANATOMY
653 _aCLINICAL, ANATOMY
942 _2ddc
_cBK
999 _c32251
_d32251